[Event "EU-chT Seniors"]
[Site "Rogaska Slatina"]
[Date "2012.04.04"]
[Round "9.13"]
[White "Ohrn, Stellan"]
[Black "Falk, Thomas"]
[Result "0-1"]
[WhiteElo "1997"]
[BlackElo "2132"]
[PlyCount "52"]
[EventDate "2012.03.27"]
[EventType "team-swiss"]
[EventRounds "9"]
[EventCountry "SLO"]
[SourceTitle "CBM 147 Extra"]
[Source "ChessBase"]
[SourceDate "2012.04.24"]
[SourceVersion "1"]
[SourceVersionDate "2012.04.24"]
[SourceQuality "1"]
[WhiteTeam "Sweden (Seniors) IV"]
[BlackTeam "Oberursel (Seniors)"]
[WhiteTeamCountry "SWE"]
[BlackTeamCountry "GER"]

1. d4 d5 2. c4 dxc4 3. Nf3 Nf6 4. e3 e6 5. Bxc4 a6 6. 0-0 c5 7. Qe2 b5 8. Bb3 Bb7 9. Rd1 Nbd7 10. Nc3 Qb8 11. d5 Nxd5 12. Nxd5 Bxd5 13. Bxd5 exd5 14. Rxd5 Qb7 15. e4 Be7 16. Bg5 f6 17. Bf4 Nb6 18. Rdd1 0-0 19. Bd6 Rfe8 20. Qc2 Nc4 21. Bxe7 Qxe7 22. Re1 Ne5 23. Nxe5 Qxe5 24. Re3 Red8 25. Rd1 Qxb2 26. Qb1 Rd2 0-1

[Event "EU-chT Seniors"]
[Site "Rogaska Slatina"]
[Date "2012.04.02"]
[Round "7.20"]
[White "Mai, Hartmut"]
[Black "Ohrn, Stellan"]
[Result "1/2-1/2"]
[WhiteElo "1937"]
[BlackElo "1997"]
[PlyCount "46"]
[EventDate "2012.03.27"]
[EventType "team-swiss"]
[EventRounds "9"]
[EventCountry "SLO"]
[SourceTitle "CBM 147 Extra"]
[Source "ChessBase"]
[SourceDate "2012.04.24"]
[SourceVersion "1"]
[SourceVersionDate "2012.04.24"]
[SourceQuality "1"]
[WhiteTeam "Stiftung BSW/DBAG (Seniors)"]
[BlackTeam "Sweden (Seniors) IV"]
[WhiteTeamCountry "GER"]
[BlackTeamCountry "SWE"]

1. d4 Nf6 2. Nf3 e6 3. Bf4 c5 4. e3 Nc6 5. c3 d5 6. Bd3 Be7 7. h3 0-0 8. Nbd2 Bd7 9. 0-0 h6 10. Qe2 Qb6 11. Rab1 Rac8 12. Ne5 Rfd8 13. Ndf3 Be8 14. Nxc6 bxc6 15. Ne5 cxd4 16. exd4 c5 17. Be3 Rb8 18. g4 Bb5 19. Bxb5 Qxb5 20. Qxb5 Rxb5 21. Nc6 Rd7 22. Nxe7+ Rxe7 23. dxc5 Ne4 1/2-1/2

[Event "EU-chT Seniors"]
[Site "Rogaska Slatina"]
[Date "2012.04.01"]
[Round "6.23"]
[White "Ohrn, Stellan"]
[Black "Laitinen, Martti"]
[Result "1-0"]
[WhiteElo "1997"]
[BlackElo "1808"]
[PlyCount "99"]
[EventDate "2012.03.27"]
[EventType "team-swiss"]
[EventRounds "9"]
[EventCountry "SLO"]
[SourceTitle "CBM 147 Extra"]
[Source "ChessBase"]
[SourceDate "2012.04.24"]
[SourceVersion "1"]
[SourceVersionDate "2012.04.24"]
[SourceQuality "1"]
[WhiteTeam "Sweden (Seniors) IV"]
[BlackTeam "Helsinki (Seniors)"]
[WhiteTeamCountry "SWE"]
[BlackTeamCountry "FIN"]

1. d4 Nf6 2. Nf3 g6 3. c4 Bg7 4. Nc3 d6 5. e4 0-0 6. Be2 e5 7. 0-0 Nc6 8. d5 Ne7 9. Ne1 Nd7 10. Nd3 f5 11. Bd2 f4 12. Bg4 Nf6 13. Bxc8 Rxc8 14. c5 g5 15. f3 h5 16. Qb3 b6 17. c6 Kh8 18. a4 a5 19. Qd1 Ng6 20. Be1 g4 21. b4 Rg8 22. bxa5 bxa5 23. Kh1 Bh6 24. Ne2 Qe7 25. Bxa5 Nh4 26. Ne1 Qg7 27. Ng1 Qg5 28. Ra2 Rg7 29. Qe2 Ng6 30. Nd3 Rcg8 31. Be1 Nh4 32. Bxh4 Qxh4 33. Ne1 Qg5 34. a5 h4 35. fxg4 Nxg4 36. Nef3 Qf6 37. a6 Ne3 38. Rf2 Ng4 39. Rf1 Ne3 40. a7 Ra8 41. Rb1 Rgg8 42. Qa6 Rgc8 43. Qxc8+ Rxc8 44. Rb8 Qd8 45. Rxc8 Qxc8 46. a8Q Qxa8 47. Rxa8+ Kg7 48. Rc8 Ng4 49. Rxc7+ Kf6 50. Nh3 1-0

[Event "EU-chT Seniors 12th"]
[Site "Dresden"]
[Date "2010.02.12"]
[Round "3"]
[White "Ohrn, Stellan"]
[Black "Kahn, Peter"]
[Result "1/2-1/2"]
[WhiteElo "1991"]
[BlackElo "2075"]
[PlyCount "62"]
[EventDate "2010.02.10"]
[EventType "team-swiss"]
[EventRounds "9"]
[EventCountry "GER"]
[SourceTitle "CBM 134 Extra"]
[Source "ChessBase"]
[SourceDate "2010.03.03"]
[SourceVersion "1"]
[SourceVersionDate "2010.03.03"]
[SourceQuality "1"]
[WhiteTeam "Sweden (Seniors) III"]
[BlackTeam "Dresden USV TU (Seniors)"]
[WhiteTeamCountry "SWE"]
[BlackTeamCountry "GER"]

1. d4 d5 2. c4 c6 3. Nf3 Nf6 4. Nc3 e6 5. e3 Nbd7 6. Bd3 dxc4 7. Bxc4 b5 8. Bd3 a6 9. e4 Bb7 10. Qe2 c5 11. Bc2 cxd4 12. Nxd4 Bc5 13. Nb3 Bb4 14. Bd2 Qc7 15. a3 Bd6 16. Rd1 0-0 17. h3 Nb6 18. Na5 Bc8 19. 0-0 Nbd7 20. Nb3 Bb7 21. f4 e5 22. f5 b4 23. axb4 Bxb4 24. Kh2 a5 25. Bd3 Nc5 26. Nb5 Qe7 27. Nxc5 Bxc5 28. Ra1 Bb6 29. Bc3 Nd7 30. Na3 Bd4 31. Nb5 Bb6 1/2-1/2

[Event "EU-chT Seniors 10th"]
[Site "Dresden"]
[Date "2008.02.13"]
[Round "3.2"]
[White "Ohrn, Stellan"]
[Black "Mueller, Siegmar"]
[Result "1/2-1/2"]
[WhiteElo "1947"]
[BlackElo "2050"]
[PlyCount "81"]
[EventDate "2008.02.11"]
[EventType "team-swiss"]
[EventRounds "9"]
[EventCountry "GER"]
[SourceTitle "CBM 122 Extra"]
[Source "ChessBase"]
[SourceDate "2008.03.04"]
[SourceVersion "1"]
[SourceVersionDate "2008.03.04"]
[SourceQuality "1"]
[WhiteTeam "Sweden III"]
[BlackTeam "Grossroehrsdorf"]
[WhiteTeamCountry "SWE"]
[BlackTeamCountry "GER"]

1. e4 b6 2. d4 e6 3. Bd3 Bb7 4. Be3 Nf6 5. Nd2 c5 6. c3 cxd4 7. cxd4 Bb4 8. f3 0-0 9. Ne2 d6 10. a3 Bxd2+ 11. Qxd2 Nbd7 12. b4 a5 13. 0-0 e5 14. d5 Ba6 15. Rac1 Bxd3 16. Qxd3 axb4 17. axb4 Ne8 18. Rc6 Rb8 19. Ra1 f6 20. Nc3 g6 21. Nb5 Ra8 22. Rxa8 Qxa8 23. Qa3 Qb7 24. Qa7 Qxa7 25. Nxa7 f5 26. Nb5 fxe4 27. fxe4 Ndf6 28. Nc3 b5 29. Rb6 Ng4 30. Bg5 h6 31. Bh4 Ne3 32. h3 Rf1+ 33. Kh2 Rc1 34. Nxb5 g5 35. Bxg5 hxg5 36. Nxd6 Nxd6 37. Rxd6 Nf1+ 38. Kg1 Nd2+ 39. Kh2 Nf1+ 40. Kg1 Ng3+ 41. Kh2 1/2-1/2

[Event "EU-chT Seniors 10th"]
[Site "Dresden"]
[Date "2008.02.11"]
[Round "1.2"]
[White "Ohrn, Stellan"]
[Black "Prizant, Michael"]
[Result "1/2-1/2"]
[WhiteElo "1947"]
[BlackElo "2169"]
[PlyCount "58"]
[EventDate "2008.02.11"]
[EventType "team-swiss"]
[EventRounds "9"]
[EventCountry "GER"]
[SourceTitle "CBM 122 Extra"]
[Source "ChessBase"]
[SourceDate "2008.03.04"]
[SourceVersion "1"]
[SourceVersionDate "2008.03.04"]
[SourceQuality "1"]
[WhiteTeam "Sweden III"]
[BlackTeam "England II"]
[WhiteTeamCountry "SWE"]
[BlackTeamCountry "ENG"]

1. e4 c5 2. Nf3 g6 3. d4 cxd4 4. Nxd4 Bg7 5. c4 Nc6 6. Be3 Nf6 7. Nc3 0-0 8. Be2 b6 9. 0-0 Bb7 10. f3 Qb8 11. Qd2 Rd8 12. Ndb5 d6 13. Nd5 Rd7 14. Rfd1 Qf8 15. Rac1 Rad8 16. Qe1 e6 17. Nxf6+ Bxf6 18. Rc2 d5 19. cxd5 exd5 20. exd5 Rxd5 21. Rxd5 Rxd5 22. Kh1 Qe7 23. Bf2 Rd8 24. Rd2 Bg5 25. Rxd8+ Qxd8 26. Bf1 Bf6 27. Nc3 Ne5 28. Ne4 Be7 29. Qd2 Qxd2 1/2-1/2